My Peshawar (Record no. 353553)
[ view plain ]
| 000 -LEADER | |
|---|---|
| fixed length control field | 00566nam a22001937a 4500 |
| 003 - CONTROL NUMBER IDENTIFIER | |
| control field | OSt |
| 005 - DATE AND TIME OF LATEST TRANSACTION | |
| control field | 20180116192411.0 |
| 008 - FIXED-LENGTH DATA ELEMENTS--GENERAL INFORMATION | |
| fixed length control field | 120927t2009 xxu||||| |||| 00| 0 eng d |
| 040 ## - CATALOGING SOURCE | |
| Transcribing agency | 0 |
| 082 ## - DEWEY DECIMAL CLASSIFICATION NUMBER | |
| Classification number | 954.9123 |
| 100 ## - MAIN ENTRY--PERSONAL NAME | |
| Personal name | Aftab Ahmad Khan |
| 9 (RLIN) | 5961 |
| 245 ## - TITLE STATEMENT | |
| Title | My Peshawar |
| Statement of responsibility, etc. | Aftab Ahmad Khan |
| Medium | Vol.1 |
| 260 ## - PUBLICATION, DISTRIBUTION, ETC. | |
| Name of publisher, distributor, etc. | Ahsanulla & Samiullah Khan. |
| Date of publication, distribution, etc. | 2009. |
| 300 ## - PHYSICAL DESCRIPTION | |
| Extent | 192p. : |
| Other physical details | ill; |
| Dimensions | 28 cm. |
| 650 ## - SUBJECT ADDED ENTRY--TOPICAL TERM | |
| Topical term or geographic name entry element | History |
| General subdivision | Peshawat District (Pakistan) |
| 9 (RLIN) | 5962 |
| 651 ## - SUBJECT ADDED ENTRY--GEOGRAPHIC NAME | |
| Geographic name | Peshawar District (Pakistan) |
| 9 (RLIN) | 5963 |
| 942 ## - ADDED ENTRY ELEMENTS (KOHA) | |
| Source of classification or shelving scheme | |
| Koha item type | Book |
| Withdrawn status | Lost status | Source of classification or shelving scheme | Materials specified (bound volume or other part) | Damaged status | Not for loan | Permanent Location | Current Location | Date acquired | Source of acquisition | Total Checkouts | Total Renewals | Full call number | Barcode | Date last seen | Date last checked out | Cost, replacement price | Price effective from | Koha item type |
|---|---|---|---|---|---|---|---|---|---|---|---|---|---|---|---|---|---|---|
| Vol.1 | School of Art Design and Architecture (SADA) | School of Art Design and Architecture (SADA) | 09/27/2012 | Donation | 2 | 1 | 954.9123 AFT 2009 | SADAD0000046 | 12/08/2014 | 12/03/2014 | 0.00 | 09/27/2012 | Book |
